| 000 | nam a22 a 4500 | ||
|---|---|---|---|
| 999 |
_c44045 _d44045 |
||
| 003 | BLK | ||
| 005 | 20230329030251.0 | ||
| 008 | 180408b bul|||||r ||||||| ||bul|| | ||
| 010 | _aKNG00047805000 | ||
| 040 | _aBLK | ||
| 041 |
_aBUL _cBUL |
||
| 080 |
_aКраезнание _b908 _x(497.2-22) _z908(497.2-22) |
||
| 100 | 1 |
_aВълчев, Ангел Костадинов _eпърви автор _9279116 |
|
| 139 |
_aВълчев, Ангел Костадинов _bВ 95 |
||
| 245 | 1 | 0 |
_aТъмраш _bИзследване _cАнгел Костадинов Вълчев; с предг. от Николай Александров Хайтов. |
| 257 | _aBGR | ||
| 260 |
_aСофия _bОФ _c1973 |
||
| 300 |
_a360 с. _bс табл., 12 л. ил., факс. _c21 см |
||
| 380 | _a9 | ||
| 500 | _aБиблиогр. с. 347 - 351. - Истор. съдба на българомохамеданското с. Тъмраш, Пловдивски окр., съществувало до 1912 г. - 13 000 тир. | ||
| 650 | 4 |
_aСела - България - история _9243048 |
|
| 651 | 4 |
_aТъмраш _9179694 |
|
| 653 | _aТъмраш | ||
| 653 | _aкраезнание | ||
| 852 | _aЦб 70334 | ||
| 856 | 4 | _qpdf | |
| 856 | 4 | _qpdf | |
| 942 |
_cKNG _n0 _s1 |
||
| 944 |
_aCR _c31.08.2016 _kПравда_Бадева |
||
| 944 |
_aED _c2022-08-16 _kир |
||
| 999 | _d44045 | ||